000 00732nam a2200229 4500
003 OSt
005 20240614051221.0
006 a
008 240614b |||||||| |||| 00| 0 eng d
020 _a978424085002
040 _aDWCL-Main lib.
_cOC
082 _aCirc. 428.24 F663e 2012
100 _aFoley, Barbara H.
245 _aEnglish in action : teacher’s guide 4 /
260 _aBoston :
_bHeinle/Cengage Learning,
_cc2012.
300 _axv,
_b290 p. : col. ill. ;
_c27 cm.
504 _aIncludes index.
650 _a1. English language–Composition and exercises–Study and teaching.
650 _a2. English language–Grammar–Study and teaching.
700 _aBarbara H. Foley
942 _2ddc
_n0
_cBK-CIRC
_kCirc.
999 _c690
_d690